Multiplication #2 - Statistics

General Stats
  • This quiz has been taken 20 times
  • The average score is 7 of 10
Answer Stats
Hint Answer % Correct
55 x 7 385
100%
18 x 9 162
94%
15 x 8 120
88%
24 x 9 216
88%
34 x 13 442
76%
57 x 22 1254
71%
15 x 61 915
71%
38 x 95 3610
65%
98 x 77 7546
53%
112 x 230 25760
29%
No matching quizzes found
Score Distribution
Percent of People with Each Score
Percentile by Number Answered
Your Score History
You have not taken this quiz